|
|
|
|
| LEADER |
00000nam0a2200000 4500 |
| 001 |
36468 |
| 005 |
20231031001937.0 |
| 035 |
|
|
|a (RuTPU)RU\TPU\book\36941
|
| 035 |
|
|
|a BOOK00003593
|
| 090 |
|
|
|a 36468
|
| 100 |
|
|
|a 20011210d1979 k y0rusy50 ca
|
| 101 |
0 |
|
|a rus
|
| 102 |
|
|
|a RU
|
| 105 |
|
|
|a a z 001zy
|
| 200 |
1 |
|
|a Контроль и управление на атомных электростанциях
|f М. П. Шальман, В. И. Плютинский
|
| 210 |
|
|
|a Москва
|c Энергия
|d 1979
|
| 215 |
|
|
|a 271 с.
|c ил.
|
| 320 |
|
|
|a Библиогр.: с. 266-269 (87 назв.).
|
| 610 |
1 |
|
|a атомные электрические станции
|
| 610 |
1 |
|
|a автоматическое управление
|
| 610 |
1 |
|
|a контроль
|
| 610 |
1 |
|
|a технологические процессы
|
| 610 |
1 |
|
|a вычислительная техника
|
| 700 |
|
1 |
|a Шальман
|b М. П.
|g Марк Павлович
|
| 701 |
|
1 |
|a Плютинский
|b В. И.
|g Владислав Иванович
|
| 801 |
|
0 |
|a RU
|b 63413507
|c 20011210
|g PSBO
|
| 801 |
|
2 |
|a RU
|b 63413507
|c 20120903
|g PSBO
|
| 900 |
|
|
|a Спецкурс 72
|
| 900 |
|
|
|a Логическое управление и защиты
|
| 900 |
|
|
|a Системы автоматического управления
|
| 900 |
|
|
|a Системы внутриреакторного контроля
|
| 900 |
|
|
|a Электрические элементы систем автоматического управления
|
| 942 |
|
|
|c BK
|